Влияние электромагнитного излучения и потоков электронов на оптические свойства порошков белых пигментов, люминофоров и силикатных материалов: автореферат диссертации на соискание ученой степени доктора технических наук; Спец. 01.04.07

Dades bibliogràfiques
Autor principal: Владимиров В. М. Валерий Михайлович
Autor corporatiu: Томский политехнический университет
Altres autors: Михайлов М. М. Михаил Михайлович (научный консультант)
Sumari:Защита сост. 29.04.2003 г.
Idioma:rus
Publicat: Томск, [Б. и.], 2003
Matèries:
Format: Llibre
KOHA link:https://koha.lib.tpu.ru/cgi-bin/koha/opac-detail.pl?biblionumber=51469

MARC

LEADER 00000nam0a2200000 4500
001 51469
005 20231031035755.0
035 |a (RuTPU)RU\TPU\book\53891 
090 |a 51469 
100 |a 20030430d2003 k y0rusy50 ca 
101 0 |a rus 
102 |a RU 
105 |a a dm 001zy 
200 1 |a Влияние электромагнитного излучения и потоков электронов на оптические свойства порошков белых пигментов, люминофоров и силикатных материалов  |e автореферат диссертации на соискание ученой степени доктора технических наук  |e Спец. 01.04.07  |f В. М. Владимиров  |g Томский политехнический университет; науч. конс. М. М. Михайлов 
210 |a Томск  |c [Б. и.]  |d 2003 
215 |a 30 с.  |c ил. 
300 |a Защита сост. 29.04.2003 г. 
320 |a Библиогр.: с. 27-30 (39 назв.) 
452 1 |0 (RuTPU)RU\TPU\book\55058  |t Влияние электромагнитного излучения и потоков электронов на оптические свойства порошков белых пигментов, люминофоров и силикатных материалов  |o Автореферат диссертации на соискание ученой степени кандидата технических наук:  |f В. М. Владимиров  |g Томский политехнический университет; Науч. конс.: М. М. Михайлов  |c Томск  |n Б.и.  |d 2003  |a Владимиров, Валерий Михайлович 
610 1 |a физика 
610 1 |a материаловедение 
610 1 |a белые пигменты 
610 1 |a порошки 
610 1 |a люминофоры 
610 1 |a силикатные материалы 
610 1 |a радиационная стойкость 
610 1 |a высокоэнергетические воздействия 
610 1 |a устойчивость 
610 1 |a оптические свойства 
610 1 |a размерный эффект 
610 1 |a электромагнитное излучение 
610 1 |a ускоренные электроны 
610 1 |a деградация 
610 1 |a ионизирующие излучения 
610 1 |a авторефераты диссертаций 
675 |a 539.2:537(04)  |v 3 
675 |a 620.1(04)  |v 3 
686 |a 01.04.07  |2 oksvnk 
700 1 |a Владимиров  |b В. М.  |g Валерий Михайлович 
702 1 |a Михайлов  |b М. М.  |c специалист в области электротехники  |c заведующий лабораторией радиационного и космического материаловедения ТУСУРа  |c доктор физико-математических наук, профессор  |f 1941-  |g Михаил Михайлович  |2 stltpush  |3 (RuTPU)RU\TPU\pers\11869  |4 695 
712 0 2 |a Томский политехнический университет  |2 stltpush  |3 (RuTPU)RU\TPU\col\376 
801 1 |a RU  |b 63413507  |c 20030430  |g PSBO 
801 2 |a RU  |b 63413507  |c 20220217  |g PSBO 
942 |c BK